| 000 | 00498 a2200169 4500 | ||
|---|---|---|---|
| 003 | Nust | ||
| 005 | 20221031123740.0 | ||
| 040 | _cNust | ||
| 082 | _a510,GEA | ||
| 100 |
_aGeary .A _9101959 |
||
| 245 |
_aMathematics for Technical Students / _cA Geary and H V lowry |
||
| 260 |
_aLondon _bWilliam Clowes and Sons _c1965 |
||
| 300 | _a 315:p | ||
| 505 | _aArithmetic (Page-1), Algebra (Page-28), Geometry (Page-148), Trigonometry (Page-230). | ||
| 650 | _aMathematics | ||
| 942 |
_2ddc _cBK _k510,GEA |
||
| 999 |
_c179969 _d179969 |
||